01013nam a22002537a 45000010005000000030006000050050017000110080041000280400029000690500014000980820012001121000018001242450091001422500041002332600029002743000045003035050007003485200288003555210018006435210018006616500021006796500023007007000036007237822FISKH20250811131454.0250811b cb ||||| |||| 00| 0 eng d aFISKHbengcFISKHdFISKH aPZ8.D39 P a823.914 aDaynes, Katie aPinocchio /cCarlo Collodi ; Retold by Katie Daynes ; Illustrated by Mauri Evangelista aThis edition first published in 2004 aLondon :bUsborne,c2004 a64 pages :bcolor illustrations ;c20 cm aP  a'Only good sons have the chance of becoming real boys', warns the wise cricket. But, try as he might, Pinocchio the puppet just can't stay out of trouble. Treasure hunts, false friends and funfairs lead him far from his poor, lonely father. Is Pinocchio doomed to be wooden forever? 8 a640 bLexile 8 aP bRaz-Plus  2UsborneaPrimary 2AdventureaHallway aEvangelista, Maurodillustrator